00842nam a2200205Ia 4500008004100000020001800041082001500059245015400074250002200228300002800250490001300278500002700291650013100318264004900449336002700498337003300525338002800558040003500586999001500621161108s9999 xx 000 0 und d a9789587165142 a778.59 C62 aCodificar/cdecodificar :b prácticas, espacios y temporalidades del audiovisual en internet /c (compiladores) Juan Carlos Arias... [y otros tres] aPrimera edición a267 páginas ;c 23 cm aEntrever aIncluye bibliografía aMateriales Audiovisuales - Innovaciones Tecnologicas / Formatos Digitales / Internet (Red De Computadores) - Aspectos Sociales aBogotá :b Pontifica Universidad Javeriana atextobtxt2rdacontent asin mediaciónbn2rdamedia avolumenbnc2rdacarrier aCO-BoRNBPbspaerdacCO-BoRNBP c7464d7464